Viaje de Cosme de Médicis por España y Portugal (1668-1669) / (Record no. 105907)
[ view plain ]
| 000 -LEADER | |
|---|---|
| campo de control de longitud fija | 01732nam a2200361 i 4500 |
| 001 - NÚMERO DE CONTROL | |
| campo de control | 105907 |
| 003 - IDENTIFICADOR DE NÚMERO DE CONTROL | |
| campo de control | ES-MaACL |
| 005 - FECHA Y HORA DE LA ÚLTIMA TRANSACCIÓN | |
| campo de control | 20250821095126.0 |
| 007 - CAMPO FIJO DE DESCRIPCIÓN FÍSICA--INFORMACIÓN GENERAL | |
| campo de control de longitud fija | t| |
| 008 - DATOS DE LONGITUD FIJA--INFORMACIÓN GENERAL | |
| campo de control de longitud fija | 051207s1933 sp f |||| |dspa d |
| 080 ## - NÚMERO DE LA CLASIFICACIÓN DECIMAL UNIVERSAL | |
| Número de la Clasificación Decimal Universal | 74 Baldi, Pier Maria |
| 080 ## - NÚMERO DE LA CLASIFICACIÓN DECIMAL UNIVERSAL | |
| Número de la Clasificación Decimal Universal | 913(460+469)(02)"16" |
| 080 ## - NÚMERO DE LA CLASIFICACIÓN DECIMAL UNIVERSAL | |
| Número de la Clasificación Decimal Universal | 929 Médicis, Cosme de |
| 100 1# - ENTRADA PRINCIPAL--NOMBRE DE PERSONA | |
| Nombre de persona | Magalotti, Lorenzo, |
| Fechas asociadas al nombre | 1637-1712 |
| 9 (RLIN) | 167387 |
| 245 10 - MENCIÓN DEL TÍTULO | |
| Título | Viaje de Cosme de Médicis por España y Portugal (1668-1669) / |
| Mención de responsabilidad, etc. | edición y notas por Ángel Sánchez Rivero y Ángela Mariutti de Sánchez Rivero ; [ilustraciones de Pier María Baldi]. |
| 246 3# - FORMA VARIANTE DEL TITULO | |
| Título propio/Titulo breve | Relazione del viaggio di Spagna |
| 260 ## - PUBLICACIÓN, DISTRIBUCIÓN, ETC. | |
| Lugar de publicación, distribución, etc. | Madrid : |
| Nombre del editor, distribuidor, etc. | Junta para Ampliación de Estudios e Investigaciones Científicas, Centro de Estudios Históricos, |
| Fecha de publicación, distribución, etc. | 1933 ( |
| Fabricante | Suc. de Rivadeneyra y Hauser y Menet) |
| 300 ## - DESCRIPCIÓN FÍSICA | |
| Extensión | 2 v. : |
| Otras características físicas | lám. ; |
| Dimensiones | 25, 65 cm. |
| 505 8# - NOTA DE CONTENIDO CON FORMATO | |
| Nota de contenido con formato | Contiene: [v. 1] [Texto] (XXXI, 347 p.) - [v. 2] Láminas: imp. por Fototipia Hauser y Menet (LXXI h. de lám.) |
| 546 ## - NOTA DE IDIOMA | |
| Nota de lengua/lenguaje | Texto introductorio en español y texto del Viaje en el original italiano. |
| 594 ## - Nota al título y mención de responsabilidad | |
| Nota al título y mención de responsabilidad | Autor de las láminas (prólogo): Pier María Baldi. |
| 600 04 - PUNTO DE ACCESO ADICIONAL DE MATERIA--NOMBRE DE PERSONA | |
| Nombre de persona | Cosme |
| Numeración | III |
| Títulos y otros términos asociados al nombre | Gran Duque de Toscana. |
| 9 (RLIN) | 40999 |
| 651 #4 - PUNTO DE ACCESO ADICIONAL DE MATERIA--NOMBRE GEOGRÁFICO | |
| Nombre geográfico | España- |
| Subdivisión general | Descripción- |
| Subdivisión de forma | Obras anteriores a 1800. |
| 9 (RLIN) | 147509 |
| 651 #4 - PUNTO DE ACCESO ADICIONAL DE MATERIA--NOMBRE GEOGRÁFICO | |
| Nombre geográfico | Portugal- |
| Subdivisión general | Descripción- |
| Subdivisión de forma | Obras anteriores a 1800. |
| 9 (RLIN) | 155102 |
| 700 1# - ENTRADA AGREGADA--NOMBRE PERSONAL | |
| Nombre de persona | Sánchez Rivero, Ángel, |
| Fechas asociadas al nombre | 1888-1930 |
| 9 (RLIN) | 155101 |
| 700 1# - ENTRADA AGREGADA--NOMBRE PERSONAL | |
| Nombre de persona | Mariutti, Ángela, |
| Fechas asociadas al nombre | 1900-1981 |
| 9 (RLIN) | 162140 |
| 700 1# - ENTRADA AGREGADA--NOMBRE PERSONAL | |
| Nombre de persona | Baldi, Pier María. |
| 9 (RLIN) | 24887 |
| 710 2# - ENTRADA AGREGADA--NOMBRE DE ENTIDAD CORPORATIVA | |
| Nombre de entidad corporativa o nombre de jurisdicción como elemento de entrada | Centro de Estudios Históricos (1910-1939) |
| 9 (RLIN) | 2638 |
| 710 2# - ENTRADA AGREGADA--NOMBRE DE ENTIDAD CORPORATIVA | |
| Nombre de entidad corporativa o nombre de jurisdicción como elemento de entrada | Hauser y Menet (Madrid) |
| 9 (RLIN) | 4558 |
| 852 ## - LOCALIZACIÓN | |
| Ubicación | ES-MaACL |
| Número de control de estantería | GF-42 |
| Nota libre | (Láminas) |
| 852 ## - LOCALIZACIÓN | |
| Ubicación | ES-MaACL |
| Número de control de estantería | L-32454 |
| Nota libre | (Texto) |
| Estatus retirado | Estado de pérdida | Estado de daño | No para préstamo | Biblioteca de origen | Biblioteca actual | Ubicación en estantería | Fecha de adquisición | Fuente de adquisición | Total de préstamos | Signatura topográfica completa | Código de barras | Visto por última vez | Precio de reemplazo | Tipo de ítem Koha | Fuente del sistema de clasificación o colocación |
|---|---|---|---|---|---|---|---|---|---|---|---|---|---|---|---|
| Biblioteca del Ateneo de Madrid | Biblioteca del Ateneo de Madrid | Depósito 2 | 21/06/2019 | L-32454 (Texto) | 1200898 | 23/02/2023 | 23/02/2023 | Libro impreso | |||||||
| Biblioteca del Ateneo de Madrid | Biblioteca del Ateneo de Madrid | Depósito 2 | 17/01/2008 | GF-42 (Láminas) | 1110567 | 23/02/2023 | 23/02/2023 | Libro impreso | Clasificación Decimal Dewey |
